El camino de la ballena

Enregistré dans:
Détails bibliographiques
Auteur principal: Coloane, Francisco (Auteur)
Format: Livre
Langue:espagnol
Publié: Santiago Zig-Zag 1995
Édition:7a. ed
Collection:Delfín de Color
Sujets:
Tags: Ajouter un tag
Pas de tags, Soyez le premier à ajouter un tag!

MARC

LEADER 00000nam a2200000 a 4500
001 UCH6517
003 CL-VaPUC
008 091109e19950000CL |||||||||||||||||spa|d
020 |a 9561211017 
082 0 4 |a Ch863  |b COL  |2 21 
100 0 |a Coloane, Francisco  |e author  |9 345716 
245 1 3 |a El camino de la ballena 
250 |a 7a. ed 
300 |a 303 p 
942 |c BK 
945 |d 20091109 00:00:00  |a ccalabra 
260 |a Santiago  |b Zig-Zag  |c 1995 
500 |a Desde 12 años 
650 0 |a Literatura  |9 259151 
650 0 |a Literatura chilena   |9 308278 
650 0 |a Novelas chilenas   |9 265425 
650 0 |a Escritores chilenos   |9 420370 
650 0 |a Narrativa chilena  |9 342463 
650 0 |a Ficción   |9 376687 
650 0 |a Lectura  |9 307634 
651 7 |a CHILE  |2 CL-VaPUC  |9 543061 
583 |a last modification  |c 20091109 00:00:00  |k Rodrigo Vera 
490 0 |a Delfín de Color 
999 |c 337391  |d 337389